Normal view
MARC view
Entry Personal Name
001 - CONTROL NUMBER
- control field: 85542
003 - CONTROL NUMBER IDENTIFIER
- control field: dpl
005 - DATE AND TIME OF LATEST TRANSACTION
- control field: 20251028120232.0
008 - FIXED-LENGTH DATA ELEMENTS
- fixed length control field: 251028|| aca||aabn | a|a d
040 ## - CATALOGING SOURCE
- Original cataloging agency: dpl
- Transcribing agency: dpl
100 ## - HEADING--PERSONAL NAME
- Personal name: Chadha, Ravinder
670 ## - SOURCE DATA FOUND
- Source citation: Work cat.: (dpl)213678: Chadha, Ravinder, Dinesh Jee (Main) Chemistry/, 2025
